| 000 | 00455nam a2200181Ia 4500 | ||
|---|---|---|---|
| 001 | 8647 | ||
| 005 | 20260306160625.0 | ||
| 008 | 260306t2001||||xx |||||||||||||| ||spa|| | ||
| 041 | _aESP | ||
| 082 |
_a371.207 _bM19 |
||
| 100 |
_aMaldonado Granados, Luis Facundo _eAUT |
||
| 245 | 0 | _aGestión de proyectos educativos en la sociedad de la información | |
| 260 | _c2001 | ||
| 300 |
_a _c |
||
| 650 | _aGEN | ||
| 654 | _aCED | ||
| 942 |
_cLIB _dJUS _fJUS _2ddc _n |
||
| 999 |
_c8647 _d8647 |
||